|
|
|
|
| LEADER |
01792nam a2200373 a 4500 |
| 001 |
40968 |
| 003 |
BD-DhAAL |
| 005 |
20230222160420.0 |
| 008 |
230222t1986 cau b s101 0 eng |
| 010 |
|
|
|a 85014860
|
| 020 |
|
|
|a 0520056523 (alk. paper)
|
| 020 |
|
|
|a 9780520266025
|
| 040 |
|
|
|a DLC
|c DLC
|d DLC
|d BD-DhAAL
|
| 082 |
0 |
0 |
|a 306.018
|2 19
|
| 245 |
0 |
0 |
|a Writing culture :
|b the poetics and politics of ethnography : a School of American Research advanced seminar /
|c edited by James Clifford and George E. Marcus.
|
| 250 |
|
|
|a 25th anniversary edition
|
| 260 |
|
|
|a Berkeley :
|b University of California Press,
|c c1986.
|
| 300 |
|
|
|a ix, 305 pages ;
|c 24 cm.
|
| 500 |
|
|
|a "Experiments in contemporary anthropology."--Jacket.
|
| 500 |
|
|
|a Revised versions of the papers presented at a seminar held in Santa Fe, N.M., April 1984.
|
| 504 |
|
|
|a Includes bibliographical references (p. [267]-294.) and index.
|
| 526 |
|
|
|a ENH
|
| 541 |
|
|
|a Book finder
|e 40968, 40969
|
| 650 |
|
0 |
|a Ethnology
|x Authorship
|x Congresses.
|9 53705
|
| 650 |
|
0 |
|a Ethnology
|x Methodology
|x Congresses.
|9 53706
|
| 700 |
1 |
|
|a Clifford, James,
|d 1945-
|9 53707
|
| 700 |
1 |
|
|a Marcus, George E.
|9 50141
|
| 710 |
2 |
|
|a School of American Research (Santa Fe, N.M.)
|9 53708
|
| 740 |
0 |
|
|a Experiments in contemporary anthropology.
|
| 852 |
|
|
|a Ayesha Abed Library
|b General Stacks
|
| 942 |
|
|
|2 ddc
|c BK
|
| 999 |
|
|
|c 44916
|d 44916
|
| 952 |
|
|
|0 0
|1 0
|2 ddc
|4 0
|6 306_018000000000000_WRI
|7 0
|9 73167
|a BRACUL
|b BRACUL
|c GEN
|d 2023-02-07
|e Book Finder
|g 3239.81
|l 0
|o 306.018 WRI
|p 3010040968
|r 2023-02-07
|t 1
|v 3239.81
|w 2023-02-07
|y BK
|
| 952 |
|
|
|0 0
|1 0
|2 ddc
|4 0
|6 306_018000000000000_WRI
|7 0
|9 73168
|a BRACUL
|b BRACUL
|c GEN
|d 2023-02-07
|e Book Finder
|g 3239.81
|l 2
|m 16
|o 306.018 WRI
|p 3010040969
|q 2026-05-18
|r 2026-01-18
|s 2026-01-18
|t 2
|v 3239.81
|w 2023-02-07
|y BK
|